Current Events - U.S. | 1 | 20.00 | 100% | 100% | 0% |
Current Events - World | 3 | 20.00 | 100% | 67% | 33% |
Fine Arts - Jazz | 1 | 10.00 | 0% | 100% | 0% |
Fine Arts - Miscellaneous | 3 | 16.67 | 100% | 67% | 0% |
Fine Arts - Music | 11 | 17.27 | 100% | 36% | 36% |
Fine Arts - Opera | 1 | 20.00 | 100% | 100% | 0% |
Fine Arts - Painting | 5 | 18.00 | 80% | 60% | 40% |
Fine Arts - Photography | 1 | 20.00 | 100% | 100% | 0% |
Fine Arts - Sculpture | 4 | 22.50 | 100% | 75% | 50% |
Geography - United States | 1 | 20.00 | 100% | 100% | 0% |
Geography - World | 3 | 16.67 | 100% | 33% | 33% |
History - American | 5 | 20.00 | 100% | 60% | 40% |
History - Cross, Historiography, and Miscellaneous | 13 | 21.54 | 100% | 69% | 46% |
History - European | 12 | 21.67 | 83% | 92% | 42% |
History - World | 9 | 24.44 | 100% | 100% | 44% |
Literature - American | 13 | 20.77 | 100% | 85% | 23% |
Literature - British | 8 | 21.25 | 100% | 75% | 38% |
Literature - European | 7 | 18.57 | 100% | 86% | 0% |
Literature - World and Miscellaneous | 9 | 20.00 | 100% | 89% | 11% |
Other - Other Academic and General Knowledge | 6 | 18.33 | 100% | 67% | 17% |
RMP - Buddhism | 1 | 20.00 | 100% | 100% | 0% |
RMP - Christian Practice | 2 | 15.00 | 100% | 50% | 0% |
RMP - East Asian Religion | 1 | 20.00 | 100% | 100% | 0% |
RMP - Greco-Roman Mythology | 2 | 30.00 | 100% | 100% | 100% |
RMP - Hebrew Bible | 1 | 30.00 | 100% | 100% | 100% |
RMP - Islam | 3 | 23.33 | 100% | 100% | 33% |
RMP - Jewish Practice | 1 | 20.00 | 100% | 100% | 0% |
RMP - New Testament | 1 | 10.00 | 100% | 0% | 0% |
RMP - Other Religion | 2 | 25.00 | 100% | 100% | 50% |
RMP - Philosophy | 4 | 15.00 | 100% | 25% | 25% |
RMP - World Mythology | 7 | 20.00 | 100% | 57% | 43% |
Science - Astronomy | 3 | 20.00 | 100% | 67% | 33% |
Science - Biology | 7 | 21.43 | 100% | 57% | 57% |
Science - Chemistry | 10 | 15.00 | 80% | 50% | 20% |
Science - Computer Science | 2 | 20.00 | 100% | 100% | 0% |
Science - Earth | 3 | 16.67 | 100% | 67% | 0% |
Science - Engineering and Miscellaneous | 2 | 10.00 | 50% | 0% | 50% |
Science - Math | 3 | 16.67 | 100% | 67% | 0% |
Science - Physics | 9 | 16.67 | 100% | 67% | 0% |
Social Science - Economics | 1 | 20.00 | 100% | 100% | 0% |
Social Science - Other | 1 | 10.00 | 100% | 0% | 0% |
Social Science - Psychology | 2 | 15.00 | 100% | 50% | 0% |